The Impact of Poverty on Partner Violence Against Women Under Regional Effects: The Case of Turkey

Violence against women has been the subject of scientific literature in many fields and poverty has been one of the most important companions in this field. It can be found lots of empirical studies about violence against women for countries as Turkey too. However, regional considerations relating t...

Full description

Saved in:  
Bibliographic Details
Authors: Eralp, Anil (Author) ; Gokmen, Sahika (Author)
Format: Electronic Article
Language:English
Published: 2023
In: Journal of interpersonal violence
Year: 2023, Volume: 38, Issue: 5/6, Pages: 4906-4924
Online Access: Volltext (kostenfrei)
Check availability: HBZ Gateway
Keywords:

MARC

LEADER 00000naa a22000002c 4500
001 1835662692
003 DE-627
005 20230215051519.0
007 cr uuu---uuuuu
008 230215s2023 xx |||||o 00| ||eng c
024 7 |a 10.1177/08862605221119515  |2 doi 
035 |a (DE-627)1835662692 
035 |a (DE-599)KXP1835662692 
040 |a DE-627  |b ger  |c DE-627  |e rda 
041 |a eng 
084 |a 2,1  |2 ssgn 
100 1 |a Eralp, Anil  |e VerfasserIn  |4 aut 
245 1 4 |a The Impact of Poverty on Partner Violence Against Women Under Regional Effects: The Case of Turkey 
264 1 |c 2023 
336 |a Text  |b txt  |2 rdacontent 
337 |a Computermedien  |b c  |2 rdamedia 
338 |a Online-Ressource  |b cr  |2 rdacarrier 
520 |a Violence against women has been the subject of scientific literature in many fields and poverty has been one of the most important companions in this field. It can be found lots of empirical studies about violence against women for countries as Turkey too. However, regional considerations relating to people’s socioeconomic condition have not been considered in these investigations although it has been indicated that these factors are important in terms of violence against women. Therefore, the main motivation of this study to investigate the impact of poverty on partner violence against women under the regional impacts in Turkey. The multinomial logit analysis preferred since the violence against women considered under three groups which are physical, sexual violence, and never experienced. The dataset received from the Survey on Domestic Violence Against Women in Turkey which was performed by Turkish Statistical Institute (TURKSTAT). This survey is performed in both 2008 and 2014 years. For this study, the 2008 data is chosen as it carries the information of “having a green card” which is a formal demonstration of being poor. Also, NUTS 2 (Nomenclature of territorial units for statistics) regions for Turkey are considered during the analysis. Based on the general results, the poverty status and regional effects of women, showed quite different results in terms of physical and sexual violence types. The poverty has a positive effect only on physical violence, not on sexual violence. Further, all regions have an important role on physical violence, while only less developed regions have a dominant impact on sexual violence. Also, the findings show that the intimate partners’ bad habits make women more vulnerable to violence. According to the results, it can be suggested that developing policies based on regional effects and types of violence would be more effective. 
650 4 |a Intimate Partner Violence 
650 4 |a multinomial models 
650 4 |a regional effect 
650 4 |a Poverty 
650 4 |a Sexual Violence 
650 4 |a Physical violence 
650 4 |a Violence against women 
700 1 |a Gokmen, Sahika  |e VerfasserIn  |4 aut 
773 0 8 |i Enthalten in  |t Journal of interpersonal violence  |d London [u.a.] : Sage, 1986  |g 38(2023), 5/6, Seite 4906-4924  |h Online-Ressource  |w (DE-627)324614721  |w (DE-600)2028900-5  |w (DE-576)276556305  |x 1552-6518  |7 nnas 
773 1 8 |g volume:38  |g year:2023  |g number:5/6  |g pages:4906-4924 
856 4 0 |u https://doi.org/10.1177/08862605221119515  |x Resolving-System  |z kostenfrei  |3 Volltext  |7 0 
935 |a mkri 
951 |a AR 
ELC |a 1 
LOK |0 000 xxxxxcx a22 zn 4500 
LOK |0 001 4272365533 
LOK |0 003 DE-627 
LOK |0 004 1835662692 
LOK |0 005 20230215051519 
LOK |0 008 230215||||||||||||||||ger||||||| 
LOK |0 035   |a (DE-2619)KrimDok#2023-02-14#8604C5D8506C4FB94156645DB74B3F7108770FDD 
LOK |0 040   |a DE-2619  |c DE-627  |d DE-2619 
LOK |0 092   |o n 
LOK |0 852   |a DE-2619 
LOK |0 852 1  |9 00 
LOK |0 935   |a zota 
LOK |0 939   |a 15-02-23  |b l01 
OAS |a 1 
ORI |a SA-MARC-krimdoka001.raw